00501nam a2200169Ia 4500008004100000040001900041041001200060082002300072100001600095245006500111260003900176300002700215440003500242650001200277651002100289850002100310131103s9999 xx 000 0 und d aLoreto College aEnglish a944.05/BURbLCLIB/ aBurton, R G aNapoleon's campaigns in Italy 1796 - 1797 & 1800cR G Burton aLondonbGeorge Allen & Unwinc1953 ax,142p.b ill.c 19cm. aSpecial campaign series; No.15 aHistory aFrance - History aLCLIB/944.05/BUR